| 000 | 00429nam a2200169Ia 4500 | ||
|---|---|---|---|
| 008 | 121023t1997 xxu||||| |||| 00| 0 sin d | ||
| 041 | _asin | ||
| 080 |
_ax 8 S 31 _bABE |
||
| 100 | _aAbeysekara,Ariyawansha | ||
| 245 | _aචාරුමන්දා | ||
| 246 | _aCharumanda | ||
| 260 |
_bSara Publishers _aKottawa _c1997 |
||
| 300 | _a152p., 18 cm | ||
| 942 | _cBK | ||
| 999 |
_c71175 _d71175 |
||
| 003 | LK-CoDNM | ||
| 040 |
_aLK-CoDNM _dLK-CoDNM _eLK-CoDNM |
||